Bài tập cơ sở tự động
Gespeichert in:
| 1. Verfasser: | |
|---|---|
| Format: | Buch |
| Sprache: | Undetermined |
| Veröffentlicht: |
Tp. HCM
Trường Đại Học Kỹ Thuật
1995
|
| Schlagworte: | |
| Tags: |
Tag hinzufügen
Keine Tags, Fügen Sie den ersten Tag hinzu!
|
| Thư viện lưu trữ: | Trung tâm Học liệu Trường Đại học Cần Thơ |
|---|
| LEADER | 00583nam a2200193Ia 4500 | ||
|---|---|---|---|
| 001 | CTU_37154 | ||
| 008 | 210402s9999 xx 000 0 und d | ||
| 020 | |b 11.000đ | ||
| 082 | |a 629.8076 | ||
| 082 | |b L116 | ||
| 100 | |a Lương Văn Lăng | ||
| 245 | 0 | |a Bài tập cơ sở tự động | |
| 245 | 0 | |c Lương Văn Lăng | |
| 260 | |a Tp. HCM | ||
| 260 | |b Trường Đại Học Kỹ Thuật | ||
| 260 | |c 1995 | ||
| 650 | |a automatic control,automation,control theory | ||
| 904 | |i Minh, 000623 | ||
| 980 | |a Trung tâm Học liệu Trường Đại học Cần Thơ | ||